[Event "Championnat de la Loire Open"]
[Site "Loire"]
[Date "2004.03.20"]
[Round "5.6"]
[White "Gerey, Jean-Pierre"]
[Black "Farge, Damien"]
[Result "1/2-1/2"]
[WhiteElo "1330"]
[BlackElo "1600"]
[PlyCount "100"]

1. e4 c5 2. Nf3 d6 3. d4 cxd4 4. Nxd4 Nf6 5. Bd3 g6 6. Be3 Nc6 7. c3 Bg7 8. Nd2
Ng4 9. Qe2 Nxe3 10. Qxe3 O-O 11. N2f3 e6 12. O-O Nxd4 13. cxd4 Qb6 14. Rab1 Bd7
15. Rfe1 Rfc8 16. h3 a5 17. b3 Qa7 18. a4 Rc3 19. Rec1 Rac8 20. Rxc3 Rxc3 21.
e5 d5 22. Qd2 Rc7 23. Rc1 Qb6 24. Rxc7 Qxc7 25. b4 axb4 26. Qxb4 Qc1+ 27. Bf1
Bc6 28. g3 Qa1 29. a5 Bf8 30. Qd2 Qa3 31. Kg2 Bb4 32. Qg5 Qxa5 33. Qf6 b5 34.
h4 Qc7 35. h5 Be7 36. Qf4 b4 37. Ng5 Bxg5 38. Qxg5 b3 39. h6 Qb8 40. Qf6 Qf8
41. Qg5 b2 42. Bd3 Bb5 43. Bb1 Qc8 44. Qf6 Bf1+ 45. Kg1 Qf8 46. Kxf1 Qxh6 47.
Qd8+ Kg7 48. Qf6+ Kg8 49. Qd8+ Kg7 50. Qf6+ Kg8 1/2-1/2

[Event "Championnat de la Loire Open"]
[Site "Loire"]
[Date "2004.03.20"]
[Round "5.7"]
[White "Desassis, Jean-Francois"]
[Black "Borron, Herve"]
[Result "1-0"]
[WhiteElo "1320"]
[BlackElo "1190"]
[PlyCount "51"]

1. d4 d5 2. e4 dxe4 3. f3 exf3 4. Nxf3 Nf6 5. Bc4 Bg4 6. Ne5 e6 7. Nxg4 Ne4 8.
O-O Bd6 9. Qf3 Nf6 10. Bg5 Qe7 11. Nxf6+ gxf6 12. Bxf6 Bxh2+ 13. Kxh2 Qd6+ 14.
Be5 Qe7 15. Bxh8 Nc6 16. Nd2 O-O-O 17. Bf6 Qd6+ 18. Kg1 Nxd4 19. Bxd4 Qxd4+ 20.
Qf2 Qxd2 21. Qxd2 Rxd2 22. Rxf7 Rxc2 23. Bxe6+ Kd8 24. Rd1+ Ke8 25. Rxh7 Rxb2
26. Rdd7 1-0

[Event "Championnat de la Loire Open"]
[Site "Loire"]
[Date "2004.03.20"]
[Round "5.8"]
[White "Doucet, Medhi"]
[Black "Desassis, Gregoire"]
[Result "1-0"]
[WhiteElo "1600"]
[BlackElo "1660"]
[PlyCount "125"]

1. c4 e5 2. Nc3 Nf6 3. e4 Bb4 4. d3 Nc6 5. a3 Ba5 6. b4 Bb6 7. Bg5 Bd4 8. Rc1
h6 9. Bh4 g5 10. Bg3 d6 11. Be2 Be6 12. Nf3 Qd7 13. Nd5 Bxd5 14. cxd5 g4 15.
dxc6 bxc6 16. Nxd4 exd4 17. Bh4 Qe6 18. Bxf6 Qxf6 19. Bxg4 h5 20. Bh3 a5 21.
Qa4 O-O 22. Qxc6 axb4 23. axb4 Rfd8 24. O-O Rab8 25. Qxc7 Rxb4 26. Rb1 Rxb1 27.
Rxb1 Kg7 28. Rb8 Rxb8 29. Qxb8 Qh6 30. Qb1 Qd2 31. g3 Kh6 32. Bf1 h4 33. Qb6
hxg3 34. Qxd6+ Kh7 35. hxg3 Kg7 36. Qxd4+ f6 37. Qd7+ Kg6 38. Qe6 Kg5 39. Qf5+
Kh6 40. Qf4+ Qxf4 41. gxf4 Kg7 42. d4 Kf7 43. d5 Ke7 44. e5 f5 45. Bh3 Kf7 46.
Bxf5 Ke7 47. d6+ Kd8 48. d7 Ke7 49. Kg2 Kd8 50. Kf3 Ke7 51. Ke4 Kd8 52. Kd5 Kc7
53. Ke6 Kd8 54. Kf7 Kc7 55. Ke7 Kc6 56. d8=Q Kc5 57. Qd7 Kc4 58. Qd6 Kc3 59.
Be6 Kc2 60. Qd4 Kc1 61. Qd3 Kb2 62. Qc4 Ka1 63. Qc1# 1-0

[Event "Championnat de la Loire Open"]
[Site "Loire"]
[Date "2004.03.20"]
[Round "5.10"]
[White "Gerey, Bernard"]
[Black "Gregoire, Patrick"]
[Result "1-0"]
[WhiteElo "1210"]
[BlackElo "1499"]
[PlyCount "84"]

1. e4 e5 2. Nf3 d6 3. d4 Bg4 4. Be2 Bxf3 5. Bxf3 exd4 6. O-O Be7 7. Qxd4 Nf6 8.
Rd1 Nc6 9. Qc3 Qd7 10. Bg5 O-O-O 11. Nd2 d5 12. e5 Bb4 13. Qb3 Qf5 14. Bxf6
gxf6 15. Bxd5 Rhg8 16. Bxc6 bxc6 17. Qxb4 Qh3 18. g3 fxe5 19. Qc5 Rd6 20. Qxa7
Qg4 21. Qe3 Rgd8 22. f3 Qb4 23. c3 Qxb2 24. Qe2 Rxd2 25. Qa6+ Kb8 26. Qf1 Qb6+
27. Kh1 Qb2 28. Rxd2 Qxd2 29. Qa6 Qc2 30. Qxc6 Rd1+ 31. Rxd1 Qxd1+ 32. Kg2 Qd2+
33. Kg1 Qxa2 34. Qe8+ Kb7 35. Qxe5 Qb1+ 36. Kg2 Qc2+ 37. Kh3 Qg6 38. g4 Qh6+
39. Kg3 f6 40. Qe4+ Kc8 41. Qf4 Qf8 42. g5 Qd6 1-0

[Event "Championnat de la Loire Open"]
[Site "Loire"]
[Date "2004.03.20"]
[Round "5.11"]
[White "Megnot, Philippe"]
[Black "Campoy, Jean"]
[Result "0-1"]
[WhiteElo "1150"]
[BlackElo "1440"]
[PlyCount "108"]

1. d4 d5 2. Nc3 e6 3. Nf3 Nc6 4. e3 Be7 5. a3 Nf6 6. Bd3 O-O 7. b4 a6 8. Bb2
Nd7 9. O-O f5 10. Bc1 Nf6 11. Na4 b6 12. Nb2 Bd7 13. c4 Ne4 14. cxd5 exd5 15.
Qb3 Be6 16. Nd1 Bf6 17. b5 Na5 18. Qb2 axb5 19. Bxb5 Nd6 20. Bd2 Nac4 21. Bxc4
Nxc4 22. Qc2 Rxa3 23. Nc3 Qa8 24. Rxa3 Qxa3 25. Nb5 Qe7 26. Rb1 Qd7 27. h3 f4
28. exf4 Bf5 29. Qc3 Bxb1 30. Ne5 Qxb5 31. Nxc4 Qxc4 32. Qe3 Qc6 33. g4 Re8 34.
Qb3 Re2 35. Be3 Be4 36. g5 Be7 37. Qd1 Qc2 38. Qa1 Qa2 39. Qc3 Qb1+ 40. Kh2
Qh1+ 41. Kg3 h5 42. Qxc7 Qf3+ 43. Kh4 Bf8 44. Qd7 Rxe3 45. fxe3 Qf2+ 46. Kxh5
g6+ 47. Kg4 Qf3+ 48. Kh4 Qf2+ 49. Kg4 Bf5+ 50. Qxf5 gxf5+ 51. Kxf5 Qxe3 52. h4
Qxd4 53. h5 Qe4+ 54. Kf6 Qxf4+ 0-1

[Event "Championnat de la Loire Open"]
[Site "Loire"]
[Date "2004.03.20"]
[Round "5.12"]
[White "Gidrol, Thibault"]
[Black "Conesa, Antoine"]
[Result "1-0"]
[WhiteElo "1440"]
[BlackElo "1320"]
[PlyCount "93"]

1. e4 e6 2. d4 c5 3. Nf3 Nc6 4. Be3 d5 5. e5 c4 6. Nc3 Nge7 7. Be2 Nf5 8. O-O
Nxe3 9. fxe3 Be7 10. e4 dxe4 11. Nxe4 b5 12. Qd2 Bb7 13. c3 Qc7 14. Nfg5 Rd8
15. Nxf7 Nxe5 16. Nxh8 Bxe4 17. Qf4 Bf5 18. dxe5 Rd5 19. b3 Qc5+ 20. Kh1 Rxe5
21. b4 Qd6 22. Rae1 g5 23. Qc1 Bf6 24. Bh5+ Kf8 25. Rxe5 Bxh8 26. Rxb5 Be5 27.
Rd1 Qe7 28. Bf3 Bf4 29. Qa3 Bd3 30. g3 Bd6 31. Rb7 Qf6 32. Rxd3 cxd3 33. Qxa7
Qxf3+ 34. Kg1 Qd1+ 35. Kg2 Qe2+ 36. Kh3 g4+ 37. Kh4 Qxh2+ 38. Kg5 Qd2+ 39. Kf6
Qxc3+ 40. Kg5 Qe5+ 41. Kh4 Qxg3+ 42. Kh5 Qh3+ 43. Kg5 h6+ 44. Kg6 Qg3 45. Qa8+
Bb8 46. Rxb8+ Qxb8 47. Qxb8+ 1-0

[Event "Championnat de la Loire Open"]
[Site "Loire"]
[Date "2004.03.20"]
[Round "5.13"]
[White "Brachet, Gerard"]
[Black "Goudet, Maxence"]
[Result "0-1"]
[WhiteElo "1350"]
[BlackElo "1090"]
[PlyCount "48"]

1. e4 e5 2. Nf3 Nc6 3. Bc4 b6 4. d3 Be7 5. Be3 Bb7 6. c3 d6 7. Nbd2 Qd7 8. d4
Bf6 9. Qb3 exd4 10. cxd4 Na5 11. Qd3 Nxc4 12. Qxc4 Ne7 13. Bg5 c5 14. Bxf6 gxf6
15. dxc5 dxc5 16. Rd1 Rd8 17. O-O Rg8 18. e5 Bxf3 19. Nxf3 Qxd1 20. exf6 Qxf3
21. Qb5+ Qc6 22. Qxc6+ Nxc6 23. Re1+ Kd7 24. Re3 Rge8 0-1

[Event "Championnat de la Loire Open"]
[Site "Loire"]
[Date "2004.03.20"]
[Round "5.14"]
[White "Montroussier, Jacques"]
[Black "Rogues, Jean-Luc"]
[Result "1-0"]
[WhiteElo "1520"]
[BlackElo "1500"]
[PlyCount "67"]

1. e4 e5 2. Nf3 Nc6 3. Bb5 Bd6 4. O-O a6 5. Ba4 Nf6 6. Re1 O-O 7. c3 b5 8. Bc2
Be7 9. d4 d6 10. d5 Na5 11. b3 Bd7 12. Bd2 Qc8 13. c4 Nb7 14. Bg5 c6 15. dxc6
Bxc6 16. cxb5 axb5 17. Nc3 Qd7 18. Nd5 Bxd5 19. exd5 Ne8 20. Bxe7 Qxe7 21. b4
Nc7 22. Bb3 f5 23. Nxe5 Rae8 24. Nc6 Qf6 25. Qc2 Na6 26. a3 Nb8 27. Rac1 Nd7
28. Re6 Qg5 29. Rce1 Nf6 30. Qe2 Qg6 31. Re7 Nd8 32. Rxe8 Rxe8 33. Qxe8+ Nxe8
34. Ne7+ 1-0

[Event "Championnat de la Loire Open"]
[Site "Loire"]
[Date "2004.03.20"]
[Round "5.15"]
[White "Bruyas, Benjamin"]
[Black "Vaughan, Luiz"]
[Result "0-1"]
[WhiteElo "1310"]
[BlackElo "1499"]
[PlyCount "72"]

1. Nf3 d6 2. d4 g6 3. b3 Bg7 4. Bb2 Nf6 5. g3 O-O 6. Bg2 Nbd7 7. O-O c6 8. c4
c5 9. d5 Ne8 10. Bxg7 Nxg7 11. Nc3 a6 12. Re1 Nf6 13. e4 Bg4 14. Qd3 Qd7 15. e5
Bxf3 16. Bxf3 Nfe8 17. Re4 f5 18. Re3 f4 19. Re4 fxg3 20. hxg3 Nf5 21. Bg4 Neg7
22. Rae1 h5 23. Bh3 Qd8 24. exd6 exd6 25. Bxf5 Nxf5 26. Re6 Qg5 27. Ne4 Qd8 28.
Rxg6+ Kh7 29. Re6 Kg8 30. Kg2 h4 31. g4 h3+ 32. Kf1 Qh4 33. Ng3 Nxg3+ 34. Qxg3
Qxg3 35. Rg6+ Kh7 36. Ree6 Qxf2# 0-1

[Event "Championnat de la Loire Open"]
[Site "Loire"]
[Date "2004.03.20"]
[Round "5.16"]
[White "Doucet, Henri"]
[Black "Langlade, Remi"]
[Result "0-1"]
[WhiteElo "1499"]
[BlackElo "1410"]
[PlyCount "52"]

1. d4 d5 2. Nf3 e6 3. g3 c5 4. dxc5 Bxc5 5. Bg2 Nc6 6. c3 Qb6 7. e3 Nf6 8. Nbd2
e5 9. O-O O-O 10. Nb3 Bg4 11. Nxc5 Qxc5 12. Qd2 e4 13. b4 Qd6 14. Nd4 Ne5 15.
h3 Bf3 16. Kh1 Bxg2+ 17. Kxg2 a6 18. Rb1 h6 19. a3 Nh7 20. h4 g5 21. hxg5 Nxg5
22. Qe2 Nef3 23. Nf5 Qe6 24. g4 h5 25. Kg3 Qe5+ 26. Kg2 Qh2# 0-1

[Event "Championnat de la Loire Open"]
[Site "Loire"]
[Date "2004.03.20"]
[Round "5.17"]
[White "Mialon, Franck"]
[Black "Gregoire, Michele"]
[Result "1-0"]
[WhiteElo "1290"]
[BlackElo "1499"]
[PlyCount "59"]

1. e4 e6 2. d4 d5 3. Nc3 Ne7 4. e5 Nbc6 5. Nf3 h6 6. Be2 g5 7. O-O Bg7 8. Nd2
Nxd4 9. Bh5 O-O 10. h4 gxh4 11. Qg4 Nef5 12. Nb3 Nxb3 13. axb3 Bd7 14. Ne2 c5
15. b4 c4 16. Nd4 Kh8 17. Nxf5 exf5 18. Qd4 Qe7 19. Re1 Be6 20. Ra3 f6 21. exf6
Qxf6 22. Qf4 b5 23. Rh3 a5 24. Rxh4 Ra6 25. Qg3 axb4 26. Bg6 Rg8 27. Bxh6 Bxh6
28. Rxh6+ Kg7 29. Rh7+ Kf8 30. Qb8+ 1-0

[Event "Championnat de la Loire Open"]
[Site "Loire"]
[Date "2004.03.20"]
[Round "6.1"]
[White "Vier, Serge"]
[Black "Valet, Godeffroy"]
[Result "0-1"]
[WhiteElo "1730"]
[BlackElo "1960"]
[PlyCount "70"]

1. d4 e6 2. c4 Bb4+ 3. Bd2 Bxd2+ 4. Qxd2 d6 5. Nf3 Nc6 6. e3 Nf6 7. Nc3 O-O 8.
a3 e5 9. dxe5 Nxe5 10. Nxe5 dxe5 11. Rd1 Bf5 12. Qxd8 Rfxd8 13. Be2 c6 14. O-O
Bc2 15. Rxd8+ Rxd8 16. Bd1 Bd3 17. Be2 Bxe2 18. Nxe2 Rd2 19. Nc3 Rxb2 20. Rd1
g6 21. f3 Rb3 22. Na4 Rxa3 23. Nc5 b6 24. Rd6 bxc5 25. Rxf6 Rxe3 26. Rxc6 a5
27. Rxc5 a4 28. Kf2 Rc3 29. Rxe5 Rxc4 30. Ra5 Rb4 31. g3 Rb2+ 32. Kg1 Ra2 33.
h4 a3 34. h5 gxh5 35. Rxh5 Rb2 0-1

[Event "Championnat de la Loire Open"]
[Site "Loire"]
[Date "2004.03.20"]
[Round "6.2"]
[White "Roche, Marius"]
[Black "Simon, Joel"]
[Result "0-1"]
[WhiteElo "1700"]
[BlackElo "1620"]
[PlyCount "116"]

1. Nf3 d6 2. d4 Nf6 3. g3 g6 4. Bg2 Bg7 5. O-O O-O 6. c4 c6 7. Nc3 Nbd7 8. Qc2
c5 9. Rd1 cxd4 10. Nxd4 Rb8 11. Ndb5 a6 12. Na7 Qc7 13. Nxc8 Rfxc8 14. b3 b5
15. Rb1 bxc4 16. Nd5 Nxd5 17. Bxd5 cxb3 18. Qxc7 Rxc7 19. Bxb3 Nc5 20. Bxf7+
Kxf7 21. Rxb8 Ne4 22. Be3 Nc3 23. Rd2 Ne4 24. Rd1 Rc2 25. f3 Rxe2 26. Bd4 Bxd4+
27. Rxd4 Re1+ 28. Kg2 Nc5 29. Rf4+ Kg7 30. Kh3 Nd3 31. Re4 Nf2+ 32. Kg2 Nxe4
33. fxe4 Rxe4 34. Kf3 Ra4 35. Rb2 a5 36. Ke3 Kf6 37. Kd3 Rb4 38. Rf2+ Ke6 39.
Kc3 Re4 40. Kd3 d5 41. Rf8 Ra4 42. Rf2 Kd7 43. Rf7 h5 44. Rg7 Rxa2 45. Rxg6
Rxh2 46. Kd4 e6 47. Ke5 Re2+ 48. Kf4 a4 49. Rg7+ Kd6 50. Kg5 a3 51. Kxh5 a2 52.
Ra7 d4 53. Kg4 d3 54. Kf3 Rb2 55. Ke3 d2 56. Ke2 d1=Q+ 57. Kxd1 Rb1+ 58. Kc2
a1=Q 0-1

[Event "Championnat de la Loire Open"]
[Site "Loire"]
[Date "2004.03.20"]
[Round "6.3"]
[White "Gaillard, Pierre"]
[Black "Doran, Niall"]
[Result "1/2-1/2"]
[WhiteElo "1690"]
[BlackElo "1640"]
[PlyCount "80"]

1. c4 Nf6 2. Nc3 g6 3. g3 Bg7 4. Bg2 O-O 5. Nf3 d6 6. O-O Nbd7 7. e4 e5 8. Re1
Rb8 9. b4 c6 10. Rb1 Re8 11. d3 b5 12. cxb5 cxb5 13. Be3 a6 14. Qb3 h6 15. Rbd1
Nb6 16. d4 Be6 17. d5 Bg4 18. h3 Bxf3 19. Bxf3 Nc4 20. Rc1 Qd7 21. Kh2 Rec8 22.
Nd1 Rc7 23. Be2 Nxe3 24. Qxe3 Rxc1 25. Qxc1 Nxe4 26. Bxb5 Qxb5 27. Rxe4 Qxd5
28. Qc7 Qxe4 29. Qxb8+ Bf8 30. Qc8 Qxb4 31. Qxa6 Qe1 32. Qd3 Qa5 33. a3 d5 34.
Ne3 Qxa3 35. Qxd5 Qc5 36. Qb3 Kg7 37. Kg2 Qb4 38. Qc2 Bc5 39. Ng4 Bd4 40. Qe2
Qb2 1/2-1/2

[Event "Championnat de la Loire Open"]
[Site "Loire"]
[Date "2004.03.20"]
[Round "6.4"]
[White "Barnes, Pierrick"]
[Black "Gerey, Jean-Pierre"]
[Result "1-0"]
[WhiteElo "1930"]
[BlackElo "1330"]
[PlyCount "95"]

1. d4 d5 2. c4 Nf6 3. Nc3 c6 4. cxd5 cxd5 5. e3 a6 6. Nf3 e6 7. a3 Nc6 8. Bd3
Bd6 9. Qc2 h6 10. b4 e5 11. dxe5 Nxe5 12. Nxe5 Bxe5 13. Bb2 d4 14. Ne2 Qd5 15.
e4 Qd6 16. g3 Ng4 17. f4 Ne3 18. Qc5 Qxc5 19. bxc5 Bc7 20. Bxd4 Ba5+ 21. Kf2
Ng4+ 22. Kf3 O-O 23. h3 Nf6 24. Bc4 Bd8 25. Nc3 Re8 26. e5 Nd7 27. Ne4 Be7 28.
Nd6 Rf8 29. Rab1 Rb8 30. Bd5 Bxd6 31. cxd6 b5 32. Rhc1 Bb7 33. Bxb7 Rxb7 34.
Rc7 Rxc7 35. dxc7 Rc8 36. Rc1 Nf8 37. Ke4 Ne6 38. Bb6 Kf8 39. h4 Ke8 40. f5 Nf8
41. Kd5 Kd7 42. Rc6 g6 43. e6+ fxe6+ 44. fxe6+ Ke7 45. Bc5+ Ke8 46. Bxf8 Kxf8
47. Kd6 Ke8 48. Rb6 1-0

[Event "Championnat de la Loire Open"]
[Site "Loire"]
[Date "2004.03.20"]
[Round "6.5"]
[White "Farge, Damien"]
[Black "Desassis, Jean-Francois"]
[Result "0-1"]
[WhiteElo "1600"]
[BlackElo "1320"]
[PlyCount "32"]

1. e4 e5 2. Nf3 Nc6 3. d4 exd4 4. Nxd4 Nxd4 5. Qxd4 d6 6. Nc3 Be7 7. Nd5 Nf6 8.
Nxf6+ Bxf6 9. Qb4 O-O 10. Bc4 Qe7 11. f3 c5 12. Qd2 b6 13. O-O Bd4+ 14. Kh1 Qh4
15. c3 Be5 16. Qe2 Qxh2# 0-1

[Event "Championnat de la Loire Open"]
[Site "Loire"]
[Date "2004.03.20"]
[Round "6.6"]
[White "Campoy, Jean"]
[Black "Doucet, Medhi"]
[Result "0-1"]
[WhiteElo "1440"]
[BlackElo "1600"]
[PlyCount "98"]

1. e4 e5 2. Nc3 Nf6 3. d3 Nc6 4. Nf3 Be7 5. Be2 O-O 6. O-O d6 7. Bd2 b6 8. Nd5
Bb7 9. c4 Nb8 10. Nxe7+ Qxe7 11. h3 Nbd7 12. b4 c5 13. a3 h6 14. Qb3 Bc6 15.
Be3 Rab8 16. b5 Ba8 17. a4 Ne8 18. Nh2 Nc7 19. Qd1 Ne6 20. Bg4 Nd4 21. Bxd7
Qxd7 22. Ng4 Qe6 23. f4 f5 24. Nf2 fxe4 25. Bxd4 exd4 26. Re1 e3 27. Ng4 Rxf4
28. a5 Rbf8 29. axb6 axb6 30. Ra6 Qg6 31. Re2 Rf1+ 32. Qxf1 Rxf1+ 33. Kxf1
Bxg2+ 34. Rxg2 Qxd3+ 35. Kg1 e2 36. Ra1 Qd1+ 37. Rxd1 exd1=Q+ 38. Kh2 Qf3 39.
Nxh6+ Kh7 40. Ng4 d3 41. Rf2 Qe2 42. Kg2 Qe4+ 43. Kg1 Qxc4 44. Ne3 Qc1+ 45. Nf1
Qc4 46. Nd2 Qxb5 47. Ne4 c4 48. Nxd6 Qc5 49. Nb7 d2 0-1

[Event "Championnat de la Loire Open"]
[Site "Loire"]
[Date "2004.03.20"]
[Round "6.7"]
[White "Gerey, Bernard"]
[Black "Gidon, Rene"]
[Result "0-1"]
[WhiteElo "1210"]
[BlackElo "1530"]
[PlyCount "84"]

1. e4 e5 2. Nf3 Nc6 3. d4 exd4 4. Nxd4 Bc5 5. Nf3 d6 6. Nbd2 Nf6 7. Bd3 Bg4 8.
O-O Ne5 9. Qe2 Qe7 10. a3 a5 11. c3 O-O 12. Rb1 c6 13. Bc2 b5 14. b4 Bb6 15.
Bb3 Nxf3+ 16. Nxf3 Qxe4 17. Qd1 Qxb1 18. Bc2 Bxf3 19. gxf3 Qa1 20. Qd3 Qa2 21.
c4 Qxc4 22. Qf5 Qe6 23. Qd3 Bc7 24. Bg5 g6 25. Bh6 d5 26. Qd4 Be5 27. Qh4 Rfe8
28. Bg5 Nh5 29. f4 Nxf4 30. Bxf4 Bxf4 31. Qxf4 Qe5 32. Qg4 axb4 33. axb4 Ra3
34. Qd7 Re6 35. Rc1 Rh3 36. Qd8+ Kg7 37. Kf1 Qxh2 38. Qg5 Qh1+ 39. Qg1 Qf3 40.
Bd1 Qe4 41. Bg4 Rh1 42. f3 Qe2# 0-1

[Event "Championnat de la Loire Open"]
[Site "Loire"]
[Date "2004.03.20"]
[Round "6.8"]
[White "Trottet, Francois"]
[Black "Gidrol, Thibault"]
[Result "0-1"]
[WhiteElo "1500"]
[BlackElo "1440"]
[PlyCount "41"]

1. e4 e6 2. d4 c5 3. c3 Nc6 4. dxc5 Bxc5 5. Nf3 Nf6 6. h3 h6 7. Bd3 O-O 8. Nbd2
e5 9. Nc4 b5 10. Ncxe5 Nxe5 11. Nxe5 Qe7 12. Nf3 b4 13. O-O bxc3 14. bxc3 Nh5
15. Qc2 Nf6 16. e5 Nh5 17. g4 Bb7 18. Be4 Bxe4 19. Qxe4 f5 20. Qd5+ Kh8 21.
gxh5 {suite illisible} 0-1

[Event "Championnat de la Loire Open"]
[Site "Loire"]
[Date "2004.03.20"]
[Round "6.9"]
[White "Goudet, Maxence"]
[Black "Volay, Pascal"]
[Result "1/2-1/2"]
[WhiteElo "1090"]
[BlackElo "1499"]
[PlyCount "118"]

1. e4 e5 2. Nf3 Nc6 3. Bb5 a6 4. Bxc6 dxc6 5. Nxe5 Qd4 6. Nd3 Qxe4+ 7. Qe2
Qxe2+ 8. Kxe2 Nf6 9. Re1 Bd6 10. Kf1+ Be6 11. g3 O-O 12. Nc3 Rfe8 13. b3 Bh3+
14. Kg1 Rxe1+ 15. Nxe1 Re8 16. Bb2 Bc5 17. Nd3 Bd4 18. Nf4 Bf5 19. Kg2 Bxc2 20.
d3 Ng4 21. Rc1 Bxb3 22. axb3 Bxf2 23. h3 Be3 24. Re1 Nf6 25. Kf3 Bxf4 26. Rxe8+
Nxe8 27. Kxf4 f6 28. h4 Nd6 29. Ne4 b6 30. Nxd6 cxd6 31. Kf5 Kf7 32. Bc1 g6+
33. Ke4 d5+ 34. Kd4 Ke6 35. Bf4 c5+ 36. Kc3 b5 37. Be3 d4+ 38. Bxd4 cxd4+ 39.
Kxd4 Kd6 40. b4 f5 41. Ke3 Kd5 42. Kf4 h6 43. h5 gxh5 44. Kxf5 Kd4 45. Kg6 Kxd3
46. Kxh5 Kc4 47. Kxh6 Kxb4 48. g4 Ka5 49. g5 b4 50. g6 b3 51. g7 b2 52. g8=Q
b1=Q 53. Qd5+ Qb5 54. Qa2+ Kb6 55. Qf2+ Qc5 56. Qb2+ Kc6 57. Qg2+ Kb5 58. Qb2+
Qb4 59. Qe2+ Qc4 1/2-1/2

[Event "Championnat de la Loire Open"]
[Site "Loire"]
[Date "2004.03.20"]
[Round "6.10"]
[White "Desassis, Gregoire"]
[Black "Montroussier, Jacques"]
[Result "1/2-1/2"]
[WhiteElo "1660"]
[BlackElo "1520"]
[PlyCount "110"]

1. d4 g6 2. e4 Bg7 3. e5 d6 4. f4 dxe5 5. fxe5 c5 6. Be3 Nc6 7. c3 Bf5 8. Nf3
Bg4 9. Nbd2 e6 10. Be2 Nge7 11. Nc4 O-O 12. O-O cxd4 13. cxd4 Nf5 14. Bg5 Qc7
15. d5 exd5 16. Qxd5 Bxf3 17. Bxf3 Nxe5 18. Bf4 Nxf3+ 19. Rxf3 Qc6 20. Qxc6
bxc6 21. Be5 Nd4 22. Rd1 Ne6 23. Bxg7 Kxg7 24. Rff1 Rad8 25. Rxd8 Rxd8 26. Ne5
f6 27. Nxc6 Rd2 28. Nxa7 Rxb2 29. Ra1 Nd4 30. a4 Nc2 31. Rd1 Ra2 32. Rc1 Rxa4
33. Nc6 Ra2 34. Rd1 Ne3 35. Rd7+ Kh6 36. Ne7 Rxg2+ 37. Kh1 Rg5 38. Ng8+ Kh5 39.
Rxh7+ Kg4 40. Nxf6+ Kf5 41. Rf7 Ke5 42. Nh7 Rf5 43. Rxf5+ gxf5 44. Ng5 Kf4 45.
Nh3+ Kf3 46. Ng5+ Kf2 47. Nh3+ Kf1 48. Ng5 Nd1 49. h4 Nf2+ 50. Kh2 Ng4+ 51. Kh3
Kf2 52. h5 Nh6 53. Kh4 Ke3 54. Nh3 f4 55. Nxf4 Kxf4 1/2-1/2

[Event "Championnat de la Loire Open"]
[Site "Loire"]
[Date "2004.03.20"]
[Round "6.11"]
[White "Gregoire, Patrick"]
[Black "Borron, Herve"]
[Result "0-1"]
[WhiteElo "1499"]
[BlackElo "1190"]
[PlyCount "104"]

1. e4 e6 2. d4 d5 3. Nc3 c5 4. Nf3 Nc6 5. Bb5 Bd7 6. Bxc6 Bxc6 7. O-O dxe4 8.
Ne5 Ne7 9. dxc5 Nf5 10. Qxd8+ Rxd8 11. Be3 Nxe3 12. fxe3 f6 13. Nxc6 bxc6 14.
Nxe4 f5 15. Ng5 Ke7 16. Rad1 Rb8 17. b3 Kf6 18. Nf3 Bxc5 19. Nd4 Rbc8 20. Kh1
g6 21. g4 e5 22. Ne2 Bxe3 23. gxf5 gxf5 24. Ng3 f4 25. Rd6+ Kg5 26. Ne4+ Kf5
27. Nf2 Bxf2 28. Rxf2 e4 29. Rd7 a5 30. Rf7+ Ke5 31. R2xf4 Rce8 32. R7f5+ Kd4
33. Rxa5 Kc3 34. Rc5+ Kd2 35. Rxc6 e3 36. Rd6+ Kxc2 37. Rc4+ Kb2 38. b4 e2 39.
Rd2+ Kb1 40. Rxe2 Rxe2 41. Rg4 Rf8 42. a4 Rf1+ 43. Rg1 Rxg1+ 44. Kxg1 Ra2 45.
a5 Ra4 46. Kf2 Rxb4 47. Kf3 Ra4 48. Kg3 Rxa5 49. Kf4 Kc2 50. h4 Kd2 51. Kg4 Ke3
52. h5 h6 0-1

[Event "Championnat de la Loire Open"]
[Site "Loire"]
[Date "2004.03.20"]
[Round "6.12"]
[White "Vaughan, Luiz"]
[Black "Brachet, Gerard"]
[Result "1-0"]
[WhiteElo "1499"]
[BlackElo "1350"]
[PlyCount "95"]

1. d4 d5 2. e3 Nc6 3. c4 e6 4. Nc3 Bb4 5. Nf3 Nf6 6. Ne5 Bd7 7. cxd5 exd5 8.
Nxd7 Qxd7 9. Bb5 Ne4 10. Bd2 Bxc3 11. Bxc3 a6 12. Ba4 b5 13. Bb3 O-O 14. O-O
Nxc3 15. bxc3 b4 16. Qf3 Rad8 17. Rfc1 a5 18. Ba4 Qd6 19. Bxc6 Qxc6 20. cxb4
Qb6 21. bxa5 Qxa5 22. Rc5 Qb6 23. a4 c6 24. a5 Ra8 25. g3 Qb2 26. Qd1 Qb7 27.
Qa4 Rfc8 28. Rac1 Ra6 29. R1c3 g6 30. Rb3 Qd7 31. Rb6 Rxb6 32. axb6 Qb7 33. Qa7
Qxa7 34. bxa7 h5 35. Rxc6 Ra8 36. Rc7 Kh7 37. Kg2 Kg7 38. e4 dxe4 39. d5 g5 40.
d6 h4 41. d7 g4 42. Rc8 h3+ 43. Kf1 Rxa7 44. d8=Q Ra1+ 45. Ke2 Ra2+ 46. Ke3
Ra3+ 47. Kxe4 Rf3 48. Qg5+ 1-0

[Event "Championnat de la Loire Open"]
[Site "Loire"]
[Date "2004.03.20"]
[Round "6.14"]
[White "Conesa, Antoine"]
[Black "Carrot, Axel"]
[Result "1-0"]
[WhiteElo "1320"]
[BlackElo "1350"]
[PlyCount "125"]

1. e4 e5 2. Nf3 Nc6 3. d4 exd4 4. Nxd4 Nxd4 5. Qxd4 Nf6 6. Bg5 h6 7. Bh4 g5 8.
Bg3 h5 9. Be5 Bg7 10. Qc4 c6 11. Bd3 d6 12. Bc3 Qe7 13. O-O Qe6 14. Re1 Qxc4
15. Bxc4 Rg8 16. Nd2 b5 17. Bb3 c5 18. a4 b4 19. Bxf6 Bxf6 20. Nc4 Be6 21.
Nxd6+ Kd7 22. e5 Bxb3 23. cxb3 Bxe5 24. Rxe5 Kxd6 25. Re3 Rae8 26. Rd1+ Kc6 27.
Red3 Re6 28. g3 h4 29. g4 Rge8 30. Kf1 Re4 31. f3 Re3 32. h3 Rxd3 33. Rxd3 Re6
34. Kf2 Re5 35. Rd8 f5 36. gxf5 Rxf5 37. Re8 Rd5 38. Ke2 Rd4 39. Re6+ Rd6 40.
Re7 a5 41. Re8 Rd4 42. Ra8 Kb6 43. Rb8+ Kc6 44. Rb5 c4 45. bxc4 Rxc4 46. Kd3
Rc5 47. Rb8 Rd5+ 48. Ke4 Kc5 49. Rb5+ Kc4 50. Rxd5 Kb3 51. Rxa5 Kxb2 52. Kd3 b3
53. Rb5 Ka2 54. Kc3 g4 55. fxg4 b2 56. Rxb2+ Ka1 57. Re2 Kb1 58. Rc2 Ka1 59.
Rd2 Kb1 60. Kb3 Kc1 61. Rc2+ Kb1 62. a5 Ka1 63. Rc1# 1-0

[Event "Championnat de la Loire Open"]
[Site "Loire"]
[Date "2004.03.20"]
[Round "6.15"]
[White "Rogues, Jean-Luc"]
[Black "Megnot, Philippe"]
[Result "1-0"]
[WhiteElo "1500"]
[BlackElo "1150"]
[PlyCount "151"]

1. d4 d5 2. c4 c6 3. Nc3 Nf6 4. Bg5 g6 5. e3 Bg7 6. Bd3 Be6 7. c5 Qd7 8. Nge2
Bf5 9. Qc2 Bxd3 10. Qxd3 Qe6 11. Bxf6 Bxf6 12. O-O Nd7 13. Nf4 Qg4 14. f3 Qg5
15. b4 Qh6 16. b5 Bg5 17. Nce2 O-O 18. a4 Rfe8 19. Nh3 Bxe3+ 20. Kh1 e5 21. f4
exf4 22. Nhxf4 Bxf4 23. Rxf4 Re7 24. Raf1 Rae8 25. Qf3 f5 26. Ng3 Nf6 27. Qb3
Re3 28. Qd1 Rxg3 29. b6 a6 30. Qd2 Rge3 31. Qf2 Re2 32. Qg3 R8e3 33. R4f3 Ne4
34. Qb8+ Qf8 35. Qxb7 Re1 36. Kg1 Rxf1+ 37. Rxf1 Qf7 38. Qc8+ Kg7 39. b7 Rb3
40. b8=Q Rxb8 41. Qxb8 Qe7 42. Qe5+ Kf7 43. Qxe7+ Kxe7 44. Rb1 Nc3 45. Rb7+ Kd8
46. Rxh7 Nxa4 47. Ra7 Nc3 48. Rxa6 Kc7 49. Kf2 Ne4+ 50. Ke2 Nf6 51. h3 Nh5 52.
Ra7+ Kd8 53. Rh7 Nf6 54. Rg7 Ke8 55. Rxg6 Kf7 56. Rg3 Ne4 57. Rf3 Ke6 58. h4
Nf6 59. g3 Nh5 60. Kd3 Kf6 61. Kc3 Ng7 62. g4 Ke6 63. h5 fxg4 64. Rg3 Kf5 65.
h6 Nh5 66. h7 Nxg3 67. h8=Q Kf4 68. Qe5+ Kf3 69. Qf6+ Kg2 70. Qxc6 Ne2+ 71. Kd3
Kf2 72. Qf6+ Ke1 73. Qh4+ g3 74. Qh1+ Kf2 75. c6 g2 76. Qxg2+ 1-0

[Event "Championnat de la Loire Open"]
[Site "Loire"]
[Date "2004.03.20"]
[Round "6.16"]
[White "Bruyas, Benjamin"]
[Black "Veyrat, Gerard"]
[Result "1-0"]
[WhiteElo "1310"]
[BlackElo "1210"]
[PlyCount "65"]

1. Nf3 d5 2. c4 e6 3. cxd5 Qxd5 4. Nc3 Qc6 5. d4 Bd6 6. e4 Ne7 7. Bb5 Qxb5 8.
Nxb5 O-O 9. e5 c6 10. Nxd6 Nd7 11. Bg5 f6 12. exf6 Nxf6 13. O-O h6 14. Bh4 Nf5
15. Bg3 Nxd6 16. Bxd6 Re8 17. Re1 Bd7 18. Ne5 b5 19. Nxd7 Nxd7 20. Qb3 Kh8 21.
Rxe6 Nf6 22. Rae1 a5 23. Qc3 Rac8 24. Qxa5 Ra8 25. Qb6 Rac8 26. g3 Rg8 27. Qb7
Kh7 28. Be5 Rcf8 29. Bxf6 Kh8 30. Bg5 Kh7 31. Qxc6 Re8 32. Rxe8 Rxe8 33. Qxe8
1-0